Miasta w Polsce z największą liczbą powtórzeń każdej litery - Statystyki

Ogólne statystyki
  • Ten quiz został rozwiązany 44 razy
  • Średni wynik to 9 z 32
Statystyki odpowiedzi
Litera Największa liczba wystąpień Miasto % Poprawnych
H 1 Andrychów | Bełchatów | Blachownia | Bochnia | Boguchwała | Bychawa | Chełm | Chełmek | Chełmno | Chełmża | Chmielnik | Chocianów | Chociwel | Chocz | Chodecz | Chodzież | Chojna | Chojnice | Chojnów | Choroszcz | Chorzele | Chorzów | Choszczno | Chrzanów | Chęciny | Ciechanowiec | Ciechanów | Ciechocinek | Czchów | Czechowice-Dziedzice | Częstochowa | Człuchów | Drohiczyn | Głuchołazy | Hajnówka | Halinów | Hel | Hrubieszów | Kożuchów | Maków Podhalański | Michałowo | Miechów | Międzychód | Otmuchów | Piechowice | Pierzchnica | Prochowice | Pruchnik | Przysucha | Radzyń Chełmiński | Rychtal | Rychwał | Siechnice | Sochaczew | Sochocin | Starachowice | Sucha Beskidzka | Suchań | Suchedniów | Suchowola | Sulechów | Szlichtyngowa | Tuchola | Tuchów | Tychowo | Tychy | Wałbrzych | Wejherowo | Wielichowo | Wschowa | Wąchock | Zawichost | Łochów | Świętochłowice | Żelechów | Żychlin
81%
Ż 1 Bełżyce | Bieżuń | Błażowa | Chełmża | Chodzież | Ciężkowice | Czyżew | Dzierżoniów | Giżycko | Iłża | Jeżów | Kożuchów | Krzyż Wielkopolski | Książ Wielki | Książ Wielkopolski | Leżajsk | Libiąż | Ożarów | Ożarów Mazowiecki | Pieniężno | Raciąż | Różan | Skarżysko-Kamienna | Strzyżów | Suraż | Łobżenica | Łomża | Żabno | Żagań | Żarki | Żarnów | Żary | Żarów | Żelechów | Żerków | Żmigród | Żnin | Żory | Żukowo | Żuromin | Żychlin | Żyrardów | Żywiec
75%
F 1 Frampol | Frombork | Gryfice | Gryfino | Gryfów Śląski | Józefów | Józefów | Józefów nad Wisłą | Korfantów | Rejowiec Fabryczny
72%
Ę 1 Będzin | Chęciny | Ciężkowice | Częstochowa | Dębica | Dęblin | Dębno | Jastrzębie-Zdrój | Jędrzejów | Kędzierzyn-Koźle | Kępice | Kępno | Kętrzyn | Kęty | Lębork | Lędziny | Międzybórz | Międzychód | Międzylesie | Międzyrzec Podlaski | Międzyrzecz | Międzyzdroje | Miękinia | Nałęczów | Nowa Dęba | Ostrowiec Świętokrzyski | Ostrołęka | Oświęcim | Pajęczno | Parzęczew | Pasłęk | Pieniężno | Poddębice | Poręba | Skępe | Stęszew | Sulęcin | Swarzędz | Szklarska Poręba | Sędziszów | Sędziszów Małopolski | Sępopol | Sępólno Krajeńskie | Urzędów | Więcbork | Węgliniec | Węgorzewo | Węgorzyno | Węgrów | Ziębice | Łęczna | Łęczyca | Łęknica | Świętochłowice
64%
B 2 Babimost | Baborów | Białobrzegi | Biały Bór | Bielsko-Biała | Bobolice | Bobowa | Bobrowniki | Dąbrowa Białostocka | Golub-Dobrzyń | Nowogród Bobrzański
58%
G 2 Boguszów-Gorce | Gogolin | Głogów | Głogów Małopolski | Głogówek | Starogard Gdański
44%
Ć 1 Brześć Kujawski | Ćmielów | Pakość | Zamość
44%
Ś 2 Środa Śląska | Świnoujście
36%
D 2 Aleksandrów Łódzki | Czechowice-Dziedzice | Dobrodzień | Dobrzyń nad Wisłą | Drezdenko | Duszniki-Zdrój | Działdowo | Grudziądz | Jedlina-Zdrój | Kostrzyn nad Odrą | Kudowa-Zdrój | Lądek-Zdrój | Międzychód | Międzyrzec Podlaski | Międzyzdroje | Nowy Dwór Gdański | Poddębice | Radzyń Podlaski | Rudnik nad Sanem | Starogard Gdański | Świeradów-Zdrój
33%
R 2 Baranów Sandomierski | Drawsko Pomorskie | Dąbrowa Górnicza | Dąbrowa Tarnowska | Frombork | Grabów nad Prosną | Góra Kalwaria | Jastrzębie-Zdrój | Kalwaria Zebrzydowska | Kostrzyn nad Odrą | Krasnobród | Krosno Odrzańskie | Krynica Morska | Krynica-Zdrój | Kuźnia Raciborska | Lidzbark Warmiński | Nowogród Bobrzański | Ostroróg | Ostrowiec Świętokrzyski | Piotrków Trybunalski | Przedbórz | Przeworsk | Przyrów | Rabka-Zdrój | Racibórz | Rajgród | Rejowiec Fabryczny | Rozprza | Stargard | Starogard Gdański | Staroźreby | Strzelce Krajeńskie | Szklarska Poręba | Tarnobrzeg | Tarnogród | Tarnowskie Góry | Trzcińsko-Zdrój | Twardogóra | Świeradów-Zdrój | Żyrardów
33%
Y 2 Byczyna | Bystrzyca Kłodzka | Czerwionka-Leszczyny | Knyszyn | Myszyniec | Młynary | Nowy Korczyn | Nowy Tomyśl | Przytyk | Pyrzyce | Pyzdry | Rejowiec Fabryczny | Rydułtowy | Rydzyna | Tychy | Tyczyn | Wyrzysk | Wyśmierzyce
33%
J 2 Jastrzębie-Zdrój | Jedlina-Zdrój | Jędrzejów
31%
Ź 1 Czeladź | Koźmin Wielkopolski | Koźminek | Kuźnia Raciborska | Kędzierzyn-Koźle | Łódź | Rogoźno | Staroźreby | Woźniki | Wąbrzeźno
28%
C 4 Czechowice-Dziedzice
25%
M 2 Kamień Pomorski | Maków Mazowiecki | Małomice | Miłomłyn | Mińsk Mazowiecki | Tomaszów Mazowiecki
25%
A 4 Biała Podlaska | Biała Rawska | Czarna Białostocka | Góra Kalwaria | Kalwaria Zebrzydowska | Rawa Mazowiecka
22%
I 4 Kamieniec Ząbkowicki | Siemianowice Śląskie
22%
U 2 Augustów | Lubień Kujawski | Lututów | Ośno Lubuskie | Pułtusk
19%
Ó 2 Aleksandrów Łódzki | Józefów | Józefów nad Wisłą | Konstantynów Łódzki | Prószków | Świeradów-Zdrój | Zagórów
17%
K 3 Aleksandrów Kujawski | Borek Wielkopolski | Grodzisk Wielkopolski | Kamieniec Ząbkowicki | Kamień Krajeński | Koźmin Wielkopolski | Krzyż Wielkopolski | Książ Wielkopolski | Miasteczko Krajeńskie | Piotrków Kujawski | Skarżysko-Kamienna | Stoczek Łukowski
14%
Ł 2 Głogów Małopolski | Głuchołazy | Miłomłyn | Miłosław | Sokołów Małopolski | Władysławowo | Włocławek
14%
T 2 Konstantynów Łódzki | Lututów | Mikstat | Ostrowiec Świętokrzyski | Piotrków Trybunalski | Trzebiatów | Złoty Stok
14%
W 3 Nowy Dwór Mazowiecki | Władysławowo
14%
P 2 Pelplin | Sępopol
14%
Ą 2 Ząbkowice Śląskie
14%
Z 4 Szczebrzeszyn
11%
E 4 Czechowice-Dziedzice | Strzelce Krajeńskie
8%
O 5 Jabłonowo Pomorskie
6%
Ń 2 Kamień Krajeński | Radzyń Chełmiński
6%
L 3 Opole Lubelskie
6%
S 3 Sędziszów Małopolski
6%
N 4 Konstancin-Jeziorna
3%
Nie znaleziono quizów pasujących do podanych kryteriów
Rozkład punktacji
Procent ludzi z każdym wynikiem
Percentyl według liczby udzielonych odpowiedzi
Twoja historia wyników
Nie rozwiązałeś tego quizu